000 00865nam a22002175i 4500
001 166402
003 ES-MaACL
005 20240126063020.0
008 020912s1900 fr |||| | fre d
040 _aCCPB | B
_bspa
_cCCPB | B
100 1 _aTolstói, Lev,
_d1828-1910
_9110489
245 1 3 _aLa guerre et la paix
_b: roman historique /
_cComte Léon Tolstoï ; traduit avec l´autorisation de l´auteur par une russe.
250 _a9ème éd.
260 _aParis :
_bLibrairie Hachette et cie,
_c1900 (
_fImp. Paul Brodard)
300 _a3 v. ;
_c17 cm.
505 8 _aContiene: T.I. Avant Tilsitt, 1805-1807 -- T.II. L´invasion, 1807-1812 -- T.III. Borodino les français a Moscou épilogue, 1812-1820
752 _aFrancia -
_dParís
852 _aES-MaACL
_jF-9505-9506
_z-- Enc. hol.
_q-- Sólo t.I-II
999 _c166402
_d166402